Algebra superior / (Record no. 154440)

MARC details
000 -LEADER
campo de control de longitud fija 00651nam a22001815i 4500
001 - NÚMERO DE CONTROL
campo de control 154440
003 - IDENTIFICADOR DE NÚMERO DE CONTROL
campo de control ES-MaACL
005 - FECHA Y HORA DE LA ÚLTIMA TRANSACCIÓN
campo de control 20230906205729.0
008 - DATOS DE LONGITUD FIJA--INFORMACIÓN GENERAL
campo de control de longitud fija 961110s1868 sp |||| | spa d
040 ## - FUENTE DE CATALOGACIÓN
Centro catalogador/agencia de origen CLM
Lengua de catalogación spa
Centro/agencia transcriptor CCPB | SIC
100 1# - ENTRADA PRINCIPAL--NOMBRE DE PERSONA
Nombre de persona Gómez de Salazar, Fernando.
9 (RLIN) 127715
245 10 - MENCIÓN DEL TÍTULO
Título Algebra superior /
Mención de responsabilidad, etc. por Fernando Gomez de Salazar.
260 ## - PUBLICACIÓN, DISTRIBUCIÓN, ETC.
Lugar de publicación, distribución, etc. Madrid :
Nombre del editor, distribuidor, etc. [s.n.],
Fecha de publicación, distribución, etc. 1868 (
Fabricante Establecimiento tipográfico de R. Vicente)
300 ## - DESCRIPCIÓN FÍSICA
Extensión [4], 17-335 p. ;
Dimensiones 21 cm.
590 #0 - NOTA LOCAL (RLIN)
Nota local Descripción basada en el ejemplar incompleto de AB-BP, A-512-GOM-alg.
752 ## - ENTRADA AGREGADA--NOMBRE JERÁRQUICO DEL LUGAR
País o entidad superior España -
Ciudad Madrid
852 ## - LOCALIZACIÓN
Ubicación ES-MaACL
Número de control de estantería F-5551
Nota libre -- Enc. pasta española
Holdings
Estatus retirado Estado de pérdida Estado de daño No para préstamo Colección Biblioteca de origen Biblioteca actual Ubicación en estantería Fecha de adquisición Fuente de adquisición Total de préstamos Signatura topográfica completa Código de barras Visto por última vez Precio de reemplazo Tipo de ítem Koha
        Libros del s. XIX Biblioteca del Ateneo de Madrid Biblioteca del Ateneo de Madrid Depósito 2 17/01/2008     F-5551 1161511 23/02/2023 23/02/2023 Libro impreso antiguo